Φορτώνει......
Paadangal padanangal
| Κύριος συγγραφέας: | |
|---|---|
| Μορφή: | Printed Book |
| Έκδοση: |
Kottayam, Auroville Publishers
1991
|
| Θέματα: |
| LEADER | 005510000a22001930004500 | ||
|---|---|---|---|
| 022 | |a 14-06-2004 | ||
| 041 | |a Malayalam | ||
| 082 | |a A 100 7 SAC/P N1 | ||
| 100 | |a Sachidanandan, K | ||
| 245 | |a Paadangal padanangal | ||
| 260 | |a Kottayam, Auroville Publishers | ||
| 260 | |c 1991 | ||
| 465 | |a R 30 | ||
| 650 | |a Malayalam literature | ||
| 650 | |a Poetry | ||
| 650 | |a Study | ||
| 942 | |c BK | ||
| 999 | |c 143252 |d 143248 | ||
| 952 | |0 0 |1 0 |4 0 |6 A_100_700000000000000_SAC_P_N1 |7 0 |9 142034 |a SCC |b SCC |d 2017-10-11 |l 0 |o A 100 7 SAC/P N1 |p SCC06893 |r 2017-10-11 |w 2017-10-11 |y BK | ||